000 00487nam a22001697a 4500
003 BD-DhUL
005 20181129105912.0
008 181129s1960 pk ||||| |||| 00| 0 urd d
040 _aBD-DhUL
_cBD-DhUL
082 _a891.433
_bSHH
100 0 _aشفیق الرحمٰن
245 1 0 _aحماقتیں /
_cشفیق الرحمٰن
260 _aلاہور :
_bمیری لاءبریری،
_c۔۱۹۶۰
300 _aص۔ ۳۴۳ ؛
_c۱۸ سم۔
650 4 _aUrdu fiction
942 _2ddc
_cBK
999 _c244888
_d244888